Países da América do Sul - Statistics

Estatísticas Gerais
  • Esse quiz foi jogado 83 vezes
  • A pontuação média é 9 de 12
Respostas no mapa
Respostas codificadas por cores de uma escala verde-vermelha no mapa do quiz de acordo com a % correta abaixo.
 
Estatísticas das Respostas
Resposta % Correto
Argentina
96%
Chile
95%
Brasil
86%
Paraguai
79%
Uruguai
77%
Peru
74%
Bolívia
72%
Guiana
70%
Venezuela
70%
Colômbia
68%
Equador
63%
Suriname
49%
Nenhum quiz correspondente encontrado
Distribuição das Pontuações
Porcentagem de Pessoas com Cada Pontuação
Percentil de Números Respondidos
Sua Pontuação Histórica
Você não jogou esse quiz